L'intersoggettività nella Critica del Giudizio kantiana (Record no. 587123)
[ view plain ]
| 000 -CABECERA | |
|---|---|
| Campo de control de longitud fija | 00495nab a2200145Ia 4500 |
| 003 - IDENTIFICADOR DEL NÚMERO DE CONTROL | |
| Campo de control | ES-SlBCS |
| 005 - FECHA Y HORA DE LA ÚLTIMA TRANSACCIÓN | |
| Campo de control | 20210601132859.0 |
| 008 - CÓDIGOS DE INFORMACIÓN DE LONGITUD FIJA | |
| Campo de control de longitud fija | 140529s1975 xxu||||| |||| 00| 0 ita d |
| 041 ## - CÓDIGO DE LENGUA | |
| Código de lengua del texto/banda sonora o título independiente | ita |
| 100 1# - PUNTO DE ACCESO PRINCIPAL-NOMBRE DE PERSONA | |
| Nombre de persona | Negri, Antimo |
| 9 (RLIN) | 59984 |
| 245 00 - MENCIÓN DE TÍTULO | |
| Título | L'intersoggettività nella Critica del Giudizio kantiana |
| Mención de responsabilidad, etc. | Antimo Negri |
| 600 14 - PUNTO DE ACCESO ADICIONAL DE MATERIA-NOMBRE DE PERSONA | |
| Nombre personal | Kant, Immanuel |
| Fechas asociadas con el nombre | , 1724-1804 |
| Subdivisión general | Crítica e interpretación |
| 9 (RLIN) | 103752 |
| 773 0# - ENLACE AL DOCUMENTO FUENTE | |
| Título | Giornali di Metafisica |
| Parte(s) relacionada(s) | vol. 30, nº. 2-3, 1975, págs. 267-292 |
| Número de control del registro relacionado | 0017-0372 |
| 942 ## - ENTRADA DE ELEMENTOS AGREGADOS (KOHA) | |
| Koha [por defecto] tipo de item | Artículos de revista |
| Suprimido | Perdido | Estropeado | No para préstamo | Localización permanente | Localización actual | Localización en estantería | Fecha adquisición | Préstamos totales | Fecha última consulta | Fecha del precio de reemplazo | Tipo de item de Koha |
|---|---|---|---|---|---|---|---|---|---|---|---|
| San Esteban | San Esteban | Depósito de revistas | 11/07/2014 | 11/07/2014 | 11/07/2014 | Artículos de revista |
